| 000 | 00788nam a22002417a 4500 | ||
|---|---|---|---|
| 999 |
_c8524 _d8524 |
||
| 003 | AR-CdUCM | ||
| 008 | 190325b ||||| |||| 00| 0 spa d | ||
| 040 |
_aMUNICIPALIDAD PROVINCIAL DEL CUSCO _cBIBLIOTECA MUNICIPAL DEL CUSCO |
||
| 082 |
_a371.4 / _bV66 |
||
| 100 |
_aVillanueva, Mercedes R. _923871 |
||
| 245 |
_aEl conocimiento de los adolescentes sobre drogas : _bun estudio en una muestra nacional de colegios / |
||
| 260 |
_aLima : _bMinisterio de Educación, _c1989. |
||
| 300 |
_a63 paginas ; _bilustraciones, mapas, _c21 cm. |
||
| 500 | _aDrogas | ||
| 650 |
_aJovenes _923872 |
||
| 650 |
_aUso de drogas _923873 |
||
| 650 |
_aPrevención _99797 |
||
| 650 |
_aEstudiantes _91674 |
||
| 650 |
_aPerú _935 |
||
| 650 |
_aEncuestas _92482 |
||
| 942 |
_2ddc _cLIBROS |
||
| 945 | _apjha | ||